Ayurved Jari Buti Rahasya (Record no. 9123)

MARC details
000 -LEADER
fixed length control field 00418nam a22001697a 4500
005 - DATE AND TIME OF LATEST TRANSACTION
control field 20260425125222.0
008 - FIXED-LENGTH DATA ELEMENTS--GENERAL INFORMATION
fixed length control field 260425b |||||||| |||| 00| 0 eng d
020 ## - INTERNATIONAL STANDARD BOOK NUMBER
ISBN 978-81-89235-44-4
041 ## - LANGUAGE CODE
Language code of text/sound track or separate title eng
082 ## - DEWEY DECIMAL CLASSIFICATION NUMBER
Classification number 615.321
100 ## - MAIN ENTRY--AUTHOR NAME
Personal name Acharya Balkrishna,
245 ## - TITLE STATEMENT
Title Ayurved Jari Buti Rahasya
260 ## - PUBLICATION, DISTRIBUTION, ETC. (IMPRINT)
Place of publication HARIDWAR
Name of publisher DIVYA PRAKASHAN
300 ## - PHYSICAL DESCRIPTION
Number of Pages 1096;P
650 ## - SUBJECT ADDED ENTRY--TOPICAL TERM
Topical Term herbal drugs
942 ## - ADDED ENTRY ELEMENTS (KOHA)
Koha item type Books
Holdings
Lost status Damaged status Collection code Home library Current library Shelving location Date acquired Source of acquisition Full call number Accession Number Koha item type
    BHARTIYA GYAN PARAMPARA JRU Library JRU Library KAUTILYA BOOK SANGRAH 25/04/2026 DONATION 615.321 00106/D Books